000
00319 a2200109 4500
001
ART_5696
005
20260410161617.0
008
260409a
245
1
0
_a
Organismos de control externo en la Hacienda Pública
100
1
_a
Atchabahian, Adolfo
773
0
_t
Enfoques
_g
- Nº 10 (oct. 2006)
_w
REV416
999
_c
11187
_d
11187